| 000 | 00352nam a2200145Ia 4500 | ||
|---|---|---|---|
| 008 | 240801s9999 xx 000 0 und d | ||
| 020 | _a9879388818254 | ||
| 082 | _bPRA-E | ||
| 100 | _aPRASAD MANOHAR | ||
| 245 | 0 | _aENGINEERING REFRIGERATION AND AIRCONDITIONING DATA BOOK | |
| 250 | _a1 | ||
| 260 |
_aNEW DELHI _c1989 |
||
| 300 | _a206 | ||
| 942 | _cDB | ||
| 999 |
_c45656 _d45656 |
||